[Event "NSU Open Mesterklassen 2001"]
[Site "Hillerod"]
[Date "2001.01.05"]
[Round "1"]
[White "Lilja, Richard"]
[Black "Stockflet, Henrik"]
[Result "1-0"]
[WhiteElo "2032"]
[BlackElo "1914"]
[PlyCount "50"]
[EventDate "2001.??.??"]

1. Nc3 e5 2. e4 Nf6 3. Nf3 Nc6 4. d4 exd4 5. Nxd4 Bb4 6. Nxc6 bxc6 7. Bd3 Qe7
8. O-O d6 9. a3 Bxc3 10. bxc3 Qe5 11. Qe1 O-O 12. f4 Qh5 13. f5 g5 14. Rf3 g4
15. Rg3 Re8 16. c4 Bxf5 17. Bb2 Nxe4 18. Re3 d5 19. cxd5 cxd5 20. Bxe4 Bxe4 21.
Qc3 Kf8 22. Qc5+ Kg8 23. Qd4 Kf8 24. Rf1 f5 25. a4 Kf7 1-0

[Event "NSU Open Mesterklassen 2001"]
[Site "Hillerod"]
[Date "2001.01.05"]
[Round "1"]
[White "Schmidt, Tommy B"]
[Black "Tolstrup, Thomas"]
[Result "1/2-1/2"]
[WhiteElo "2062"]
[BlackElo "1934"]
[PlyCount "43"]
[EventDate "2001.??.??"]

1. d4 d5 2. c4 e6 3. Nf3 Nf6 4. Nc3 Be7 5. Bg5 O-O 6. e3 h6 7. Bh4 b6 8. cxd5
Nxd5 9. Bxe7 Qxe7 10. Bd3 Nxc3 11. bxc3 Bb7 12. O-O c5 13. Qe2 Nd7 14. Ba6 Bxa6
15. Qxa6 Rfc8 16. Qb7 Qd8 17. Rfd1 Rc7 18. Qe4 Rac8 19. Ne5 Nxe5 20. Qxe5 Rd7
21. a4 cxd4 22. cxd4 1/2-1/2

[Event "NSU Open Mesterklassen 2001"]
[Site "Hillerod"]
[Date "2001.01.05"]
[Round "1"]
[White "Lauridsen, Jesper Morch"]
[Black "Mortensen, Jan T"]
[Result "1-0"]
[WhiteElo "2292"]
[BlackElo "1947"]
[PlyCount "53"]
[EventDate "2001.??.??"]

1. e4 e6 2. d4 d5 3. Nc3 Nf6 4. e5 Nfd7 5. f4 c5 6. Nf3 Nc6 7. Be3 a6 8. Qd2
Be7 9. O-O-O c4 10. f5 Nf8 11. fxe6 Nxe6 12. Bxc4 dxc4 13. d5 Nb4 14. a3 Nxc2
15. Qxc2 Nc5 16. d6 Nd3+ 17. Kb1 Bf5 18. dxe7 Qa5 19. Nh4 Bg4 20. Rxd3 cxd3 21.
Qxd3 Qxe5 22. Re1 Qxe7 23. Bf2 Be6 24. Nf5 Qf6 25. Nd5 Qd8 26. Bb6 Qc8 27. Nd6+
1-0

[Event "NSU Open Mesterklassen 2001"]
[Site "Hillerod"]
[Date "2001.01.05"]
[Round "1"]
[White "Damm, Kasper Wilken"]
[Black "Nielsen, Nicholas Roland"]
[Result "1/2-1/2"]
[WhiteElo "2092"]
[BlackElo "1968"]
[PlyCount "65"]
[EventDate "2001.??.??"]

1. Nf3 Nf6 2. g3 g6 3. Bg2 Bg7 4. d4 O-O 5. c4 d6 6. Nc3 c6 7. O-O Qa5 8. Qc2
Qh5 9. b3 Bh3 10. Bb2 Ng4 11. Ne4 h6 12. Ned2 Nd7 13. Rfd1 f5 14. Nf1 g5 15. b4
Ndf6 16. Ne1 f4 17. Nf3 d5 18. Ne5 Bxg2 19. Kxg2 fxg3 20. hxg3 Nxf2 21. Kxf2
Ng4+ 22. Ke1 Rxf1+ 23. Kd2 Rxd1+ 24. Rxd1 Nxe5 25. dxe5 Qg4 26. cxd5 cxd5 27.
Qc5 Qxg3 28. Qxd5+ Kh8 29. Qxb7 Rd8+ 30. Kc2 Rxd1 31. Kxd1 Qg1+ 32. Kc2 Qe3 33.
Qc8+ 1/2-1/2

[Event "NSU Open Mesterklassen 2001"]
[Site "Hillerod"]
[Date "2001.??.??"]
[Round "1"]
[White "Schultz Pedersen, Jesper"]
[Black "Erlandsen, Carsten"]
[Result "0-1"]
[WhiteElo "2192"]
[BlackElo "2047"]
[PlyCount "58"]
[EventDate "2001.??.??"]

1. e4 e5 2. Nf3 d6 3. Nc3 Nf6 4. Be2 Be7 5. O-O c6 6. b3 b5 7. d4 exd4 8. Qxd4
O-O 9. Bb2 c5 10. Qe3 b4 11. Nb1 Bb7 12. Nbd2 Nbd7 13. Rad1 d5 14. Bd3 d4 15.
Qe2 Qc7 16. Bc1 Rae8 17. Rfe1 Bd6 18. g3 Nd5 19. Nb1 f5 20. Ng5 N7f6 21. Qf1
fxe4 22. Nxe4 Nxe4 23. Bxe4 Rxe4 24. Rxe4 Ne3 25. Bxe3 Bxe4 26. Qc4+ Qf7 27.
Qxf7+ Rxf7 28. Nd2 Bxc2 29. Rc1 dxe3 0-1

[Event "NSU Open Mesterklassen 2001"]
[Site "Hillerod"]
[Date "2001.01.05"]
[Round "1"]
[White "Hoffmann, Nils"]
[Black "Vang, Frank Lennart"]
[Result "0-1"]
[WhiteElo "1976"]
[BlackElo "2053"]
[PlyCount "86"]
[EventDate "2001.??.??"]

1. e4 Nc6 2. f4 d5 3. exd5 Qxd5 4. Nc3 Qd6 5. Bb5 Nf6 6. d3 Bg4 7. Nf3 O-O-O 8.
Be3 Nd5 9. Nxd5 Qxd5 10. Bxc6 Qxc6 11. Ne5 Bxd1 12. Nxc6 bxc6 13. Rxd1 a6 14.
f5 Rd5 15. O-O f6 16. c4 Ra5 17. a3 g6 18. fxg6 hxg6 19. Bd2 Rah5 20. h3 Bh6
21. Bxh6 R5xh6 22. Rde1 Kd7 23. Re4 c5 24. d4 Rh4 25. Rfe1 Rxe4 26. Rxe4 Rb8
27. dxc5 Rxb2 28. c6+ Kd6 29. c5+ Kxc5 30. Rxe7 Kxc6 31. Re6+ Kb5 32. Rxf6 c5
33. Rxg6 c4 34. a4+ Kc5 35. Rxa6 c3 36. Ra8 Rb6 37. Rc8+ Rc6 38. Re8 c2 39.
Re5+ Kb4 40. Re4+ Kb3 41. Re3+ Kxa4 42. Re4+ Kb5 43. Re5+ Rc5 0-1

[Event "NSU Open Mesterklassen 2001"]
[Site "Hillerod"]
[Date "2001.01.06"]
[Round "2"]
[White "Mortensen, Jan T"]
[Black "Hoffmann, Nils"]
[Result "0-1"]
[WhiteElo "1947"]
[BlackElo "1976"]
[PlyCount "84"]
[EventDate "2001.??.??"]

1. Nf3 d5 2. g3 f5 3. Bg2 Nf6 4. O-O e6 5. d3 c6 6. Nbd2 Be7 7. c4 O-O 8. Rb1
a5 9. b3 Nbd7 10. Bb2 Qe8 11. e4 dxe4 12. dxe4 Nc5 13. exf5 exf5 14. Qe2 Bd6
15. Rfe1 Qxe2 16. Rxe2 f4 17. Be5 Rd8 18. gxf4 Nd3 19. Bxd6 Rxd6 20. Re7 Kf8
21. Re5 Nxf4 22. Ne4 Ne2+ 23. Kh1 Nxe4 24. Rxe4 Bf5 25. Ng5 Bxe4 26. Bxe4 h6
27. Re1 Nf4 28. Nf3 Rad8 29. Bc2 Re8 30. Be4 Rde6 31. Nd2 h5 32. f3 Rd6 33. Nf1
h4 34. Kg1 Re5 35. Rb1 Nd3 36. Ne3 Rg5+ 37. Kf1 Nf4 38. Ng4 h3 39. Ne3 Rd2 40.
Ke1 Rd8 41. Ng4 Rxg4 42. fxg4 Re8 0-1

[Event "NSU Open Mesterklassen 2001"]
[Site "Hillerod"]
[Date "2001.01.06"]
[Round "2"]
[White "Erlandsen, Carsten"]
[Black "Lilja, Richard"]
[Result "1-0"]
[WhiteElo "2047"]
[BlackElo "2032"]
[PlyCount "83"]
[EventDate "2001.??.??"]

1. d4 Nf6 2. c4 g6 3. Nc3 Bg7 4. e4 d6 5. Bg5 h6 6. Bh4 g5 7. Bg3 c5 8. dxc5
Qa5 9. Qd2 Qxc5 10. f3 Be6 11. Nd5 Nbd7 12. Bf2 Qc6 13. Ne2 b6 14. Nd4 Qb7 15.
Be2 Ne5 16. O-O Bd7 17. a4 Rc8 18. Rfc1 g4 19. a5 gxf3 20. gxf3 Rg8 21. Kh1
Nxd5 22. a6 Qb8 23. cxd5 Bf6 24. Rxc8+ Qxc8 25. Rc1 Qd8 26. Nc6 Nxc6 27. dxc6
Bh3 28. c7 Qc8 29. Bb5+ Bd7 30. Bxd7+ Kxd7 31. Qd5 e6 32. Qc6+ Ke7 33. Bg3 Be5
34. Bxe5 dxe5 35. Qb7 Kf6 36. Qxa7 Rg7 37. Qb7 Qd7 38. c8=Q Qd2 39. Qc2 Rg1+
40. Rxg1 Qxc2 41. Qxb6 Qd3 42. Qf2 1-0

[Event "NSU Open Mesterklassen 2001"]
[Site "Hillerod"]
[Date "2001.01.06"]
[Round "2"]
[White "Vang, Frank Lennart"]
[Black "Lauridsen, Jesper Morch"]
[Result "0-1"]
[WhiteElo "2053"]
[BlackElo "2292"]
[PlyCount "62"]
[EventDate "2001.??.??"]

1. d3 d5 2. Nd2 e5 3. e4 Nf6 4. Be2 Bc5 5. Ngf3 Nc6 6. h3 O-O 7. c3 a5 8. Qc2
a4 9. Nf1 h6 10. g4 dxe4 11. dxe4 Nh7 12. Ng3 Qe7 13. Nf5 Bxf5 14. gxf5 Nf6 15.
Rg1 Kh8 16. Nh2 Rfd8 17. Ng4 Ng8 18. Bd2 Rd6 19. O-O-O a3 20. b3 Rb8 21. Kb1 b5
22. Qc1 b4 23. f6 Nxf6 24. cxb4 Bxb4 25. Bxb4 Nxb4 26. Rxd6 cxd6 27. Nxh6 Nxe4
28. Nf5 Qf6 29. Nxg7 Qxf2 30. Nh5 Qxg1 31. Qxg1 Nc3+ 0-1

[Event "NSU Open Mesterklassen 2001"]
[Site "Hillerod"]
[Date "2001.01.06"]
[Round "2"]
[White "Tolstrup, Thomas"]
[Black "Nielsen, Nicholas Roland"]
[Result "0-1"]
[WhiteElo "1934"]
[BlackElo "1968"]
[PlyCount "76"]
[EventDate "2001.??.??"]

1. Nf3 Nf6 2. c4 g6 3. g3 Bg7 4. d4 d6 5. Bg2 c6 6. O-O Qa5 7. h3 O-O 8. Nc3
Be6 9. d5 cxd5 10. Nd4 dxc4 11. Nxe6 fxe6 12. Bxb7 Nbd7 13. Bxa8 Rxa8 14. Qa4
Qxa4 15. Nxa4 Nd5 16. Bd2 N7b6 17. Nc3 Nxc3 18. Bxc3 Bxc3 19. bxc3 Na4 20. Rfc1
Rb8 21. Rc2 Kf7 22. Rd1 d5 23. f3 Rb5 24. Kf2 g5 25. Rdd2 e5 26. e4 d4 27. cxd4
c3 28. Rd1 Nb2 29. Rxb2 cxb2 30. Rb1 exd4 31. f4 gxf4 32. gxf4 Ke6 33. Ke2 Kd6
34. Kd3 Kc5 35. f5 a5 36. Kc2 Kc4 37. Rd1 b1=Q+ 38. Rxb1 d3+ 0-1

[Event "NSU Open Mesterklassen 2001"]
[Site "Hillerod"]
[Date "2001.01.06"]
[Round "2"]
[White "Stockflet, Henrik"]
[Black "Schultz Pedersen, Jesper"]
[Result "0-1"]
[WhiteElo "1914"]
[BlackElo "2192"]
[PlyCount "58"]
[EventDate "2001.??.??"]

1. e4 Nc6 2. d4 d5 3. Nc3 dxe4 4. d5 Ne5 5. Bf4 Ng6 6. Bg3 f5 7. Nh3 e5 8. dxe6
Bxe6 9. Nb5 Bd6 10. Bxd6 cxd6 11. Ng5 Qxg5 12. Nc7+ Kd7 13. Nxa8 N8e7 14. Bb5+
Nc6 15. Nb6+ axb6 16. Qd4 Kc7 17. Qxg7+ Qe7 18. Qc3 Rg8 19. O-O-O Nge5 20. g3
Ra8 21. a3 d5 22. Rd2 Nf3 23. Bxc6 bxc6 24. Rdd1 d4 25. Rxd4 Nxd4 26. Qxd4 Rd8
27. Qa4 Kb7 28. Kb1 Qd6 29. Rc1 Qc5 0-1

[Event "NSU Open Mesterklassen 2001"]
[Site "Hillerod"]
[Date "2001.01.06"]
[Round "3"]
[White "Stockflet, Henrik"]
[Black "Schmidt, Tommy B"]
[Result "0-1"]
[WhiteElo "1914"]
[BlackElo "2062"]
[PlyCount "120"]
[EventDate "2001.??.??"]

1. e4 c5 2. Nf3 Nc6 3. d4 cxd4 4. Nxd4 Nf6 5. Nc3 d6 6. Bg5 e6 7. f4 Be7 8. Qd2
Nxd4 9. Qxd4 O-O 10. O-O-O Qa5 11. Bc4 Bd7 12. e5 dxe5 13. fxe5 Bc6 14. Bxf6
gxf6 15. Rde1 f5 16. Rhf1 b5 17. Bb3 Rfd8 18. Qf4 Qb4 19. Qg3+ Kh8 20. Rf4 Rd4
21. Ne2 Qd2+ 22. Kb1 Rxf4 23. Nxf4 Rg8 24. Qe3 Qxe3 25. Rxe3 Bg5 26. Rc3 Bxf4
27. Rxc6 Rxg2 28. a4 bxa4 29. Bxa4 Bxe5 30. h4 Kg7 31. Bb5 f4 32. Rc5 Kf6 33.
Bc6 Rf2 34. Rb5 f3 35. Rb3 Rf1+ 36. Ka2 f2 37. Rf3+ Ke7 38. Bb5 Rh1 39. Rxf2
Rxh4 40. Kb3 Bxb2 41. Rd2 Bd4 42. c3 Bb6 43. Bc4 e5 44. Re2 e4 45. Bd5 f5 46.
Rg2 Kd6 47. Bb7 e3 48. Bf3 Ke5 49. Kc2 Kf4 50. Bb7 Rh3 51. Bc6 h5 52. Bb7 h4
53. Ba8 Rf3 54. Kd3 Rf2 55. Rxf2+ exf2 56. Ke2 Kg3 57. Kf1 a5 58. Bc6 h3 59.
Bb5 h2 60. Bc6 a4 0-1

[Event "NSU Open Mesterklassen 2001"]
[Site "Hillerod"]
[Date "2001.01.06"]
[Round "3"]
[White "Lilja, Richard"]
[Black "Damm, Kasper Wilken"]
[Result "1/2-1/2"]
[WhiteElo "2032"]
[BlackElo "2092"]
[PlyCount "85"]
[EventDate "2001.??.??"]

1. Nc3 c5 2. e4 Nc6 3. Bb5 g6 4. Bxc6 bxc6 5. f4 Bg7 6. Nf3 d5 7. d3 e6 8. O-O
Ne7 9. Qe1 c4 10. dxc4 Ba6 11. Nd2 O-O 12. Rf3 dxe4 13. Qxe4 Qb6+ 14. Kh1 Rfd8
15. Rd3 Nf5 16. Nf3 c5 17. Ne5 Bb7 18. Qe1 Nd4 19. Qf2 f6 20. Ng4 h5 21. Ne3 f5
22. Rb1 h4 23. h3 Kf7 24. b3 g5 25. fxg5 Be5 26. Ncd5 Rxd5 27. Nxd5 exd5 28.
cxd5 Bg3 29. Qf1 Ba6 30. g6+ Kxg6 31. c4 Rg8 32. Re3 Bc8 33. Bb2 Bb8 34. Rbe1
Qd6 35. Qg1 Kf7 36. Re7+ Qxe7 37. Rxe7+ Kxe7 38. Bxd4 cxd4 39. Qxd4 Bg3 40. c5
Re8 41. Qg7+ Kd8 42. Qf6+ Kc7 43. Qc6+ 1/2-1/2

[Event "NSU Open Mesterklassen 2001"]
[Site "Hillerod"]
[Date "2001.01.06"]
[Round "3"]
[White "Erlandsen, Carsten"]
[Black "Lauridsen, Jesper Morch"]
[Result "0-1"]
[WhiteElo "2047"]
[BlackElo "2292"]
[PlyCount "64"]
[EventDate "2001.??.??"]

1. d4 d5 2. c4 e6 3. Nf3 Nf6 4. Qc2 c5 5. cxd5 cxd4 6. Nxd4 Nxd5 7. a3 e5 8.
Nf3 Nc6 9. e4 Nc7 10. b4 Be7 11. Bb2 Be6 12. Nxe5 Nd4 13. Qa4+ b5 14. Qd1 Nb3
15. Nc3 Nxa1 16. Qxa1 a6 17. Nc6 Qd6 18. Nxe7 Qxe7 19. Be2 O-O 20. O-O Rad8 21.
Bf3 Bc4 22. Re1 Rfe8 23. g3 Qf6 24. Re3 Qb6 25. Ne2 Ne6 26. h4 Rd2 27. Nf4 Nxf4
28. gxf4 Red8 29. h5 Rxf2 30. Kxf2 Rd2+ 31. Kg3 Qxe3 32. Bxg7 Be2 0-1

[Event "NSU Open Mesterklassen 2001"]
[Site "Hillerod"]
[Date "2001.01.06"]
[Round "3"]
[White "Mortensen, Jan T"]
[Black "Tolstrup, Thomas"]
[Result "0-1"]
[WhiteElo "1947"]
[BlackElo "1934"]
[PlyCount "50"]
[EventDate "2001.??.??"]

1. e4 e6 2. d4 d5 3. e5 c5 4. c3 Nc6 5. Nf3 Bd7 6. Bd3 Rc8 7. dxc5 Bxc5 8. b4
Be7 9. O-O f6 10. b5 Nxe5 11. Nxe5 fxe5 12. Qh5+ Kf8 13. Qxe5 Nf6 14. Be3 b6
15. Bd4 Qc7 16. Qe2 Bd6 17. f4 Bxf4 18. g3 e5 19. Bf2 Bh6 20. Nd2 Bh3 21. Rfc1
Re8 22. Qe1 e4 23. Bf1 e3 24. Bxh3 exd2 25. Qxe8+ Kxe8 0-1

[Event "NSU Open Mesterklassen 2001"]
[Site "Hillerod"]
[Date "2001.01.06"]
[Round "3"]
[White "Schultz Pedersen, Jesper"]
[Black "Hoffmann, Nils"]
[Result "1-0"]
[WhiteElo "2192"]
[BlackElo "1976"]
[PlyCount "48"]
[EventDate "2001.??.??"]

1. e4 c6 2. Nc3 d5 3. Nf3 dxe4 4. Nxe4 Nf6 5. Nxf6+ gxf6 6. d4 Bf5 7. Be2 Qc7
8. Be3 Nd7 9. c4 O-O-O 10. Qa4 Kb8 11. O-O c5 12. b4 cxb4 13. a3 b3 14. Qxb3
Rg8 15. Rfc1 Be4 16. g3 e6 17. Nd2 f5 18. Nxe4 fxe4 19. Rab1 Ka8 20. Rc2 f5 21.
Rcb2 Rb8 22. Kf1 e5 23. c5 Be7 24. Ba6 b6 1-0

[Event "NSU Open Mesterklassen 2001"]
[Site "Hillerod"]
[Date "2001.01.06"]
[Round "3"]
[White "Nielsen, Nicholas Roland"]
[Black "Vang, Frank Lennart"]
[Result "1/2-1/2"]
[WhiteElo "1968"]
[BlackElo "2053"]
[PlyCount "31"]
[EventDate "2001.??.??"]

1. e4 Nc6 2. Nf3 d6 3. d4 Bg4 4. Be2 e6 5. Nc3 Nf6 6. Bg5 Be7 7. Qd2 h6 8. Be3
d5 9. Ne5 Bxe2 10. Nxc6 bxc6 11. Qxe2 Nxe4 12. Nxe4 dxe4 13. Qg4 Rb8 14. O-O
Rxb2 15. c4 Bg5 16. Qxe4 1/2-1/2

[Event "NSU Open Mesterklassen 2001"]
[Site "Hillerod"]
[Date "2001.01.07"]
[Round "4"]
[White "Damm, Kasper Wilken"]
[Black "Erlandsen, Carsten"]
[Result "1-0"]
[WhiteElo "2092"]
[BlackElo "2047"]
[PlyCount "107"]
[EventDate "2001.??.??"]

1. e4 c5 2. Nf3 d6 3. d4 cxd4 4. Nxd4 Nf6 5. Nc3 a6 6. f4 e6 7. Qf3 Qc7 8. g4
b5 9. g5 Nfd7 10. Bd3 Bb7 11. Qh3 Nc6 12. Nxc6 Bxc6 13. g6 fxg6 14. Qxe6+ Be7
15. Nd5 Bxd5 16. Qxd5 Bh4+ 17. Ke2 Nb6 18. Qe6+ Qe7 19. Qxe7+ Kxe7 20. Be3 Na4
21. Bd4 Rhe8 22. Kf3 Nc5 23. Bxg7 Kf7 24. Bd4 Rac8 25. Bxc5 Rxc5 26. a4 b4 27.
a5 Bf6 28. Ra4 Bxb2 29. Rxb4 Bc3 30. Rb6 Rd8 31. Rb7+ Kg8 32. Rhb1 Bxa5 33. Ra7
Rc7 34. Rxa6 Bc3 35. Kg4 Bg7 36. h4 Kf7 37. Rb5 h6 38. h5 Bf8 39. hxg6+ Kxg6
40. Rd5 Kf6 41. e5+ Ke6 42. Rd4 Rg7+ 43. Kf3 Rgd7 44. c4 Kf7 45. Bf5 Rc7 46.
exd6 Rc5 47. Bd3 Ke6 48. f5+ Kf6 49. Kg4 Kf7 50. Be4 Bg7 51. Bd5+ Kf8 52. Re4
Bf6 53. Re6 Bg5 54. Rg6 1-0

[Event "NSU Open Mesterklassen 2001"]
[Site "Hillerod"]
[Date "2001.01.07"]
[Round "4"]
[White "Vang, Frank Lennart"]
[Black "Schultz Pedersen, Jesper"]
[Result "0-1"]
[WhiteElo "2053"]
[BlackElo "2192"]
[PlyCount "82"]
[EventDate "2001.??.??"]

1. Nf3 Nc6 2. d4 d5 3. e3 Nf6 4. h3 g6 5. Bb5 Bg7 6. Bxc6+ bxc6 7. O-O O-O 8.
c4 Ba6 9. Ne5 c5 10. Qa4 Bxc4 11. Nxc4 dxc4 12. dxc5 Qd5 13. c6 Rfd8 14. Nc3
Qe6 15. Ne2 Qd5 16. Nc3 Qc5 17. e4 Ne8 18. Nd5 Bd4 19. Bg5 f6 20. Be3 Bxe3 21.
Nxe3 Rd4 22. Rac1 Nd6 23. e5 fxe5 24. b4 Qb6 25. Ng4 Re4 26. Rce1 Rxe1 27. Rxe1
e4 28. b5 Qc5 29. Ne3 Rb8 30. Qd1 Rxb5 31. Qg4 c3 32. a4 Rb2 33. Qe6+ Kf8 34.
Kh2 Nf5 35. Qc8+ Kf7 36. Qh8 Ng7 37. Ng4 Qd6+ 38. Kg1 g5 39. Qxh7 c2 40. Nh6+
Qxh6 41. Qxh6 Rb1 0-1

[Event "NSU Open Mesterklassen 2001"]
[Site "Hillerod"]
[Date "2001.01.07"]
[Round "4"]
[White "Nielsen, Nicholas Roland"]
[Black "Lauridsen, Jesper Morch"]
[Result "1/2-1/2"]
[WhiteElo "1968"]
[BlackElo "2292"]
[PlyCount "67"]
[EventDate "2001.??.??"]

1. e4 c5 2. Nf3 d6 3. d4 cxd4 4. Nxd4 Nf6 5. Nc3 g6 6. Be3 Bg7 7. f3 O-O 8. Qd2
Nc6 9. O-O-O Nxd4 10. Bxd4 Be6 11. Kb1 Qc7 12. h4 Rfc8 13. g4 Qa5 14. Qg5 b5
15. Qxb5 Qc7 16. Qa4 Rab8 17. Ba6 Bd7 18. Nb5 Bxb5 19. Bxb5 Nxe4 20. Bxg7 Nf2
21. Ba6 Nxh1 22. Bxc8 Kxg7 23. Ba6 Qc3 24. Qd4+ Qxd4 25. Rxd4 Rb6 26. Bc4 e5
27. Rd2 f5 28. Rh2 Ng3 29. Rh3 f4 30. Bd5 Ne2 31. Ka1 Nd4 32. Kb1 Ne2 33. Ka1
Nd4 34. Kb1 1/2-1/2

[Event "NSU Open Mesterklassen 2001"]
[Site "Hillerod"]
[Date "2001.01.07"]
[Round "4"]
[White "Tolstrup, Thomas"]
[Black "Lilja, Richard"]
[Result "1/2-1/2"]
[WhiteElo "1934"]
[BlackElo "2032"]
[PlyCount "56"]
[EventDate "2001.??.??"]

1. c4 Nf6 2. Nf3 c5 3. Nc3 g6 4. g3 Bg7 5. Bg2 O-O 6. O-O Nc6 7. d4 d6 8. d5
Na5 9. Nd2 a6 10. Qc2 Rb8 11. b3 b5 12. Bb2 Bh6 13. f4 bxc4 14. bxc4 e5 15.
dxe6 Bxe6 16. Nd5 Ng4 17. Nb3 Bxd5 18. cxd5 c4 19. Qc3 Qb6+ 20. Kh1 f6 21. Nxa5
Qxb2 22. Qxb2 Rxb2 23. Nxc4 Rc2 24. Nxd6 Ne3 25. Rfc1 Rxe2 26. Bh3 f5 27. Re1
Rxe1+ 28. Rxe1 Nxd5 1/2-1/2

[Event "NSU Open Mesterklassen 2001"]
[Site "Hillerod"]
[Date "2001.01.07"]
[Round "5"]
[White "Schmidt, Tommy B"]
[Black "Lilja, Richard"]
[Result "1-0"]
[WhiteElo "2062"]
[BlackElo "2032"]
[PlyCount "93"]
[EventDate "2001.??.??"]

1. d4 Nf6 2. c4 g6 3. Nc3 Bg7 4. e4 d6 5. Nf3 O-O 6. Be2 e5 7. O-O Nc6 8. d5
Ne7 9. Ne1 Nd7 10. Be3 f5 11. f3 f4 12. Bf2 g5 13. a4 Ng6 14. a5 Rf7 15. b4 Bf8
16. Nd3 Nf6 17. c5 h5 18. cxd6 cxd6 19. Nb5 Bd7 20. Nb2 g4 21. Nxa7 g3 22. Bb6
gxh2+ 23. Kh1 Qe8 24. a6 bxa6 25. Rxa6 Nh4 26. Bf2 Nxg2 27. Kxg2 Rg7+ 28. Kxh2
Qg6 29. Rg1 Ng4+ 30. fxg4 hxg4 31. Qd3 f3 32. Rg3 Qh5+ 33. Kg1 fxe2 34. Qxe2
Be7 35. Nc6 Bxc6 36. dxc6 Rxa6 37. Qxa6 Bh4 38. Qc8+ Kh7 39. Qf5+ Qxf5 40. exf5
Bxg3 41. Bxg3 Ra7 42. b5 Ra1+ 43. Kg2 Rc1 44. Bf2 Rc2 45. b6 e4 46. b7 Rxb2 47.
c7 1-0

[Event "NSU Open Mesterklassen 2001"]
[Site "Hillerod"]
[Date "2001.01.07"]
[Round "5"]
[White "Hoffmann, Nils"]
[Black "Stockflet, Henrik"]
[Result "1-0"]
[WhiteElo "1976"]
[BlackElo "1914"]
[PlyCount "72"]
[EventDate "2001.??.??"]

1. Nf3 f5 2. e4 fxe4 3. Ng5 Nf6 4. d3 e3 5. Bxe3 e5 6. d4 e4 7. Nxe4 Bb4+ 8.
Ned2 d5 9. c3 Bd6 10. Nf3 O-O 11. Bd3 Qe8 12. Qe2 Bg4 13. Nbd2 Ne4 14. O-O-O
Nxd2 15. Qxd2 Rxf3 16. gxf3 Bxf3 17. Rhg1 Bxd1 18. Qxd1 Qf7 19. Qg4 Nd7 20. Bh6
Bf8 21. Qh3 Nf6 22. f3 Re8 23. Bg5 Qh5 24. Qg2 Be7 25. Bf4 Bf8 26. Bxc7 Re3 27.
Be2 Qh6 28. Kb1 Nh5 29. Bd1 Nf4 30. Qg4 Ne6 31. Be5 Rd3 32. Bb3 Rd2 33. Bxd5
Kf7 34. Qf5+ Ke7 35. Bg3 g5 36. Be5 Ng7 1-0

[Event "NSU Open Mesterklassen 2001"]
[Site "Hillerod"]
[Date "2001.01.07"]
[Round "5"]
[White "Nielsen, Nicholas Roland"]
[Black "Schultz Pedersen, Jesper"]
[Result "1/2-1/2"]
[WhiteElo "1968"]
[BlackElo "2192"]
[PlyCount "64"]
[EventDate "2001.??.??"]

1. e4 b6 2. d4 Bb7 3. Nc3 e6 4. Nf3 Bb4 5. Bd2 Bxc3 6. Bxc3 Bxe4 7. Bd3 Bxd3 8.
Qxd3 Nf6 9. O-O-O d6 10. d5 e5 11. h3 Nbd7 12. g4 Nc5 13. Qe3 Qe7 14. Rhe1
O-O-O 15. Nd4 Qd7 16. Nc6 Nxd5 17. Nxa7+ Kb8 18. Rxd5 Kxa7 19. Bxe5 Qc6 20.
Red1 Rhe8 21. Qc3 f6 22. Bg3 Kb7 23. f3 Ra8 24. a3 Re2 25. R5d2 Rae8 26. Rxe2
Rxe2 27. Rd2 Rxd2 28. Kxd2 Qd5+ 29. Kc1 Ne6 30. f4 Qh1+ 31. Qe1 Qxe1+ 32. Bxe1
Nxf4 1/2-1/2

[Event "NSU Open Mesterklassen 2001"]
[Site "Hillerod"]
[Date "2001.01.07"]
[Round "5"]
[White "Lauridsen, Jesper Morch"]
[Black "Damm, Kasper Wilken"]
[Result "1-0"]
[WhiteElo "2292"]
[BlackElo "2092"]
[PlyCount "31"]
[EventDate "2001.??.??"]

1. e4 c5 2. Nf3 Nc6 3. d4 cxd4 4. Nxd4 Nf6 5. Nc3 e5 6. Ndb5 d6 7. Nd5 Nxd5 8.
exd5 Nb8 9. c4 Na6 10. Be3 b6 11. Qa4 Qd7 12. c5 Nxc5 13. Nc7+ Kd8 14. Qxd7+
Kxd7 15. Nxa8 Bb7 16. b4 1-0

[Event "NSU Open Mesterklassen 2001"]
[Site "Hillerod"]
[Date "2001.01.07"]
[Round "5"]
[White "Tolstrup, Thomas"]
[Black "Erlandsen, Carsten"]
[Result "0-1"]
[WhiteElo "1934"]
[BlackElo "2047"]
[PlyCount "132"]
[EventDate "2001.??.??"]

1. Nf3 Nf6 2. c4 g6 3. g3 Bg7 4. Bg2 O-O 5. d4 d6 6. O-O c6 7. Nc3 Qa5 8. h3
Be6 9. d5 cxd5 10. Nd4 Bd7 11. cxd5 Na6 12. Nb3 Qc7 13. Be3 Rfc8 14. Rc1 Qd8
15. Qd2 Nc5 16. Nxc5 dxc5 17. Ne4 Nxe4 18. Bxe4 Bxh3 19. Rfd1 b6 20. d6 Rab8
21. Kh2 Bf5 22. Bxf5 gxf5 23. Bh6 Qxd6 24. Qxd6 exd6 25. Bxg7 Kxg7 26. Rxd6 Re8
27. e3 Rbd8 28. Rcd1 Rxd6 29. Rxd6 Re6 30. Rd7 a6 31. Kg2 Rc6 32. Rd5 Kf6 33.
Kf3 Ke6 34. Rd2 Rd6 35. Rc2 Ke5 36. Ke2 Kd5 37. Kf3 Ke5 38. Ke2 Rc6 39. Kd3 b5
40. f3 c4+ 41. Kc3 Rd6 42. Re2 Rd1 43. g4 Rf1 44. f4+ Ke4 45. gxf5 a5 46. b3
cxb3 47. axb3 Rh1 48. Rd2 Rc1+ 49. Kb2 Rc5 50. f6 Rf5 51. Rh2 Rxf6 52. Rxh7
Kxe3 53. Rh5 b4 54. Rxa5 Rxf4 55. Rc5 f5 56. Rc8 Re4 57. Kc2 Ke2 58. Rc4 Ke3
59. Rc5 f4 60. Kd1 Kf2 61. Rc2+ Kf1 62. Rc4 Rxc4 63. bxc4 Kg2 64. Kc2 f3 65.
Kb3 f2 66. Kxb4 f1=Q 0-1